Truyện cổ tích Đông Nam Á : Philippin

Đã lưu trong:
Bibliografiske detaljer
Hovedforfatter: Ngô Văn Doanh
Format: Bog
Sprog:Undetermined
Udgivet: H. VHTT 1995
Fag:
Tags: Tilføj Tag
Ingen Tags, Vær først til at tagge denne postø!
Thư viện lưu trữ: Trung tâm Học liệu Trường Đại học Cần Thơ
LEADER 00497nam a2200181Ia 4500
001 CTU_53390
008 210402s9999 xx 000 0 und d
020 |b 22000 
082 |a 398.209599 
082 |b D408 
100 |a Ngô Văn Doanh 
245 0 |a Truyện cổ tích Đông Nam Á : Philippin 
245 0 |c Ngô Văn Doanh 
260 |a H. 
260 |b VHTT 
260 |c 1995 
650 |a folk literature, philippines 
980 |a Trung tâm Học liệu Trường Đại học Cần Thơ